| 000 -LEADER |
| fixed length control field |
01096cam a22003012 4500 |
| 001 - CONTROL NUMBER |
| control field |
514874 |
| 003 - CONTROL NUMBER IDENTIFIER |
| control field |
OSt |
| 005 - DATE AND TIME OF LATEST TRANSACTION |
| control field |
20230601093709.0 |
| 008 - FIXED-LENGTH DATA ELEMENTS--GENERAL INFORMATION |
| fixed length control field |
081022t20042003nyuab c 000 1 eng d |
| 020 ## - INTERNATIONAL STANDARD BOOK NUMBER |
| International Standard Book Number |
9780439661638 (pbk.) : |
| 040 ## - CATALOGING SOURCE |
| Original cataloging agency |
OCO |
| Transcribing agency |
OCO |
| Modifying agency |
XY4 |
| -- |
TAE |
| -- |
KH8 |
| 041 1# - LANGUAGE CODE |
| Language code of text/sound track or separate title |
eng |
| Language code of original |
ita |
| 082 04 - DEWEY DECIMAL CLASSIFICATION NUMBER |
| Classification number |
FIC STI |
| 100 ## - MAIN ENTRY--PERSONAL NAME |
| Personal name |
Stilton, Geronimo |
| Relator term |
Author |
| 240 0# - UNIFORM TITLE |
| Uniform title |
Tempio del rubino di fuoco. |
| Language of a work |
English. |
| 245 04 - TITLE STATEMENT |
| Title |
The temple of the ruby of fire / |
| Statement of responsibility, etc. |
Geronimo Stilton ; [illustrations by Johnny Stracchino and Mary Fontina ; English translation by Joan L. Giurdanella]. |
| 260 ## - PUBLICATION, DISTRIBUTION, ETC. |
| Place of publication, distribution, etc. |
New York, N.Y. : |
| Name of publisher, distributor, etc. |
Scholastic, |
| Date of publication, distribution, etc. |
2004, c2003. |
| 300 ## - PHYSICAL DESCRIPTION |
| Extent |
106 p. : |
| Other physical details |
col. ill., col. maps ; |
| Dimensions |
20 cm. |
| 440 #0 - SERIES STATEMENT/ADDED ENTRY--TITLE |
| Title |
Geronimo Stilton ; |
| Volume/sequential designation |
#14. |
| 500 ## - GENERAL NOTE |
| General note |
"English translation copyright 2004 by Edizioni Piemme S.p.A." |
| 521 1# - TARGET AUDIENCE NOTE |
| Target audience note |
7-10. |
| 546 ## - LANGUAGE NOTE |
| Language note |
Translated from the Italian. |
| 650 #0 - SUBJECT ADDED ENTRY--TOPICAL TERM |
| Topical term or geographic name entry element |
Stilton, Geronimo(Fictitious character) |
| Form subdivision |
Juvenile fiction. |
| 650 #1 - SUBJECT ADDED ENTRY--TOPICAL TERM |
| Topical term or geographic name entry element |
Mice |
| Form subdivision |
Fiction. |
| 650 #1 - SUBJECT ADDED ENTRY--TOPICAL TERM |
| Topical term or geographic name entry element |
Adventure and adventurers |
| Form subdivision |
Fiction. |
| 651 #1 - SUBJECT ADDED ENTRY--GEOGRAPHIC NAME |
| Geographic name |
Amazon River Region |
| Form subdivision |
Fiction. |
| 942 ## - ADDED ENTRY ELEMENTS (KOHA) |
| Source of classification or shelving scheme |
|
| Koha item type |
Books - Fiction |